000 00921nam a2200253 i 4500
001 bg
245 0 0 _aMateriały Konferencyjne "Gospodarka odpadami" :
_bWisła, 11-13 października 1994 r.
_nCz.2 /
_c[dobór mat. i oprac. Wojciech Dutka] ; Fundacja PUK Polskie Urządzenia Komunalne, ABRYS Grupa Konsultingowo-Projektowa.
246 _aGospodarka odpadami
260 _aPoznań :
_b"Abrys",
_c1994.
300 _a180, 16 s. :
_brys., wykr. ;
_c30 cm.
504 _aBibliogr. przy ref.
650 9 _aOdpady
_xgospodarka
655 _aMateriały konferencyjne
700 1 _aDUTKA, Wojciech
_d(1946-2005).
_eOprac.
710 0 _aFundacja PUK Polskie Urządzenia Komunalne
710 0 _aGrupa Konsultingowo-Projektowa |ABRYS (Poznań)
020 _a8390259028
040 _cBPK
041 0 _apl
080 _a628.3/.4(061)
920 _a83-902590-2-8
942 _cKS
008 s pl f |000 0 pol
999 _c36492
_d36492
856 _uhttp://koha.tu.koszalin.pl/cgi-bin/koha/opac-detail.pl?biblionumber=36492
_yKatalog online BPK